000 00381pab a2200145 454500
008 180718b1984 xxu||||| |||| 00| 0 eng d
100 _aGirling, John
245 _aHegemony and domination in Third World countries
_bA case study of Thailand
260 _c1984
300 _a435-52
362 _aSept.
650 _aThailand - Politics
773 _aAlternatives
909 _a19329
999 _c19329
_d19329